01509nam a2200349Ia 4500001001200000003000800012006001900020007001500039008004100054010001700095020003600112040002100148035002100169050002700190100003400217245011600251260004300367300001700410490005400427504006600481533015200547630001900699650005900718650004700777650006000824655002900884700003100913710001700944830005500961856012601016999001701142ebr10348543CaPaEBRm u cr cn|||||||||090611s2009 nyu sb 001 0 eng d z 2009023925 z9783110217858 (hc : alk. paper) aCaPaEBRcCaPaEBR a(OCoLC)64686164414aPN5220.S56bP37 2009eb1 aParker, Stephenq(Stephen R.)10aSinn und formh[electronic resource] :bthe anatomy of a literary journal /cStephen Parker, Matthew Philpotts. aNew York :bWalter de Gruyter,cc2009. aviii, 396 p.1 aInterdisciplinary German cultural studies ;vv. 6 aIncludes bibliographical references (p. [377]-384) and index. aElectronic reproduction.bPalo Alto, Calif. :cebrary,d2011.nAvailable via World Wide Web.nAccess may be limited to ebrary affiliated libraries.00aSinn und Form. 0aGerman literaturevPeriodicalsxHistoryy20th century. 0aGerman periodicalsxHistoryy20th century. 0aLiterature and societyzGermanyxHistoryy20th century. 7aElectronic books.2local1 aPhilpotts, Matthew,d1973-2 aebrary, Inc. 0aInterdisciplinary German cultural studies ;vv. 6.40uhttp://site.ebrary.com/lib/rucke/Doc?id=10348543zAn electronic book accessible through the World Wide Web; click to view c31723d31723